000 00964cam a22003017a 4500
003 CHAP
005 20220817042348.0
008 971013s1976 r 00010 d
010 _a42214
011 _a43186
035 _a47322
040 _cCHAP
090 _aFolleto 4926
110 _aMéxico. Dirección General de Extensión Agrícola
245 1 4 _a3El cultivo del algodonero en la Comarca Lagunera
260 _a(Chapingo, Méx. :
_bLa Dirección),
_c(1976)
300 _as.p.
_b: ilus
590 _aBATCH-UPD
_b10
_c20130110
_lUCH01
_h1325
590 _aBATCH-UPD
_b10
_c20130410
_lUCH01
_h0832
590 _aBATCH-UPD
_b10
_c20130914
_lUCH01
_h0101
590 _aCONVERSION
_b10
_c20130109
_lUCH01
_h1323
650 1 4 _aAlgodon.
_93959
650 1 4 _aAlgodón
_xComarca Lagunera.
_93989
901 _aBK
942 _cFOLL
949 _aFolleto 4926
_bBC
_cFOLL
_d-107590
_eTS1
_i47322
_mD
_si
949 _aFolleto 4926
_bBC
_cFOLL
_d-107591
_eTS2
_fc.2
_i47322
_mD
_si
999 _c42214
_d42214